000 00667cab a2200241 4500
001 X650
008 090401t1993 xxu||||| |||| 00| 0 eng d
035 _a(Sirsi) u66791
041 _aeng
245 _aFulham Football Club Ltd and others v Cabra Estates Plc
260 _c1993
350 _a0
490 _aProperty and Compensation Reports
_v(1993) 65 PCR 284-299(16)
520 _aCA 31 July 1992.
650 _aCOMPULSORY PURCHASE ORDER
650 _aCOVENANTS
650 _aFIDUCIARY DUTIES
650 _aFOOTBALL CLUB GROUND
650 _aPLANNING PERMISSION
690 _aPLANNING LAW AND PRACTICE-CASE LAW
942 _n0
948 _c04/03/1997
999 _c41730
_d41730